00822cam a2200181 a 450008200370000024501400003726000500017730000830022750000510031050000200036150000500038152600330043165000130046470000240047794200120050199900190051395201080053200a358.295491bHIScL-30-II, P-158.00aHistory of the Corps of Engineers /ccompiled under the direction and authority of the engineer-in-chief, Army Headquarters, New Delhi. aNew Delhi :bPalit & Palit Publishers,c1980. avii, 510 p., [45] p. of plates :bill. (some col.), folded col. maps ;c23 cm. aForeword signed: J.S. Bawa, engineer-in-chief. aIncludes index. aSpine title: The Corps of Engineers, 1947-72. a0b0c0d358_295491000000000 aMCE93791 aBawa, J. S.,948857 2ddccBK c551730d551730 00102ddc4070aMCEbMCEd2014-12-24l2o358.295491pMCE-24281r2017-07-28s2017-07-27w2014-12-24yBK